[Event "FIDE-Online-Steinitz-Memorial-Women"]
[White "Lagno, Kateryna"]
[Black "Cori T., Deysi"]
[Site "Internet"]
[Round "10"]
[Annotator "TA"]
[Result "1-0"]
[Date "2020.05.16"]
[WhiteElo "2608"]
[BlackElo "2391"]
[PlyCount "69"]

1. e4 {} d5 2. exd5 Qxd5 3. Nc3 Qd6 4. d4 Nf6 5. Nf3 a6 6. h3 Nc6 {
B01: Scandinavian Defence.} 7. Bc4 b5 8. Bd3 Bb7 {White is slightly better.} 9. 0-0 {[#]} Nb4 $146 ({Predecessor:} 9... g6 10. Be3 Bg7 11. Qd2 0-0 12. Rad1 Qb4 13. Qc1 Qa5 14. a3 b4 15. axb4 Nxb4 {1/2-1/2 (34) Ferrera Gonzalez,C (1816)
-Gonzalez Moreno,J (1624) Tenerife 2018} )10. Be2 e6 11. a4 $36 {
White fights for an advantage.} bxa4 (11... c6 $14 )12. Nxa4 $16 (12. Rxa4 $6 Be7 $14 )Be7 (12... Be4 $16 {keeps fighting.} )13. Nc5 $18 Bc6 (13... Qc6 $142 )14. c3 Nbd5 15. Ne5 (15. Rxa6 Rxa6 16. Bxa6 0-0 $16 )0-0 16. Bf3 ({
Not} 16. Rxa6 Rxa6 17. Bxa6 Be8 $16 )Rfd8 17. Nxc6 Qxc6 18. c4 Bxc5 19. cxd5 ({Much less strong is} 19. dxc5 Qxc5 20. cxd5 Nxd5 $18 )Nxd5 20. dxc5 Qxc5 21. Qe2 a5 22. Bg5 Rd7 23. Rac1 Qb4 24. Rc4 Qb3 25. Rfc1 h6 26. Bh4 a4 27. Bg3 Rad8 28. Be5 a3 29. bxa3 Qxa3 30. Kh2 ({Don't play} 30. Bxc7 Nxc7 31. Rxc7 Rxc7 $18 )Qf8 31. Bxd5 Rxd5 32. Rxc7 Rd2 33. Qf3 R2d3 34. Qe4 R3d5 35. h4 {White took control after the opening. Accuracy: White = 89%,
Black = 38%.} 1-0

[Event "FIDE-Online-Steinitz-Memorial-Women"]
[White "Lei, Tingjie"]
[Black "Khademalsharieh, Sarasadat"]
[Site "Internet"]
[Round "10"]
[Annotator "TA"]
[Result "0-1"]
[Date "2020.05.16"]
[WhiteElo "2530"]
[BlackElo "2431"]
[PlyCount "70"]

1. e4 {} e5 2. Nf3 Nc6 3. Bb5 a6 4. Ba4 Nf6 5. 0-0 Bc5 6. c3 b5 7. Bc2 d5 {C78: Ruy Lopez: Archangelsk and Möller Defences.} 8. d4 {[#] Strongly
threatening exd5.} dxe4 {} 9. Nxe5 Nxe5 {White is slightly better.} 10. dxc5 Qxd1 11. Rxd1 Bg4 12. Re1 0-0-0 13. a4 Kb7 {[#]} 14. axb5 $146 ({
Predecessor:} 14. Bg5 Nd3 15. Bxd3 exd3 16. f3 Bf5 17. Nd2 Rde8 18. Red1 Nd5 19. axb5 axb5 20. Nb3 {0-1 (47) Gnilka,T (2350)-Brodt,A (2368) ICCF email 2018} )axb5 15. Bg5 {Threatens to win with Na3.} Nd3 $1 {} 16. Bxd3 exd3 17. f3 Be6 18. Nd2 Ra8 19. Bxf6 gxf6 20. Kf2 Kc6 21. b4 Rhe8 22. g4 f5 23. g5 (23. Rxa8 $11 {remains equal.} Rxa8 24. gxf5 Bxf5 25. Re5 )f4 $17 24. h4 (24. Rxa8 $17 {was called for.} Rxa8 25. Re4 )Ra4 (24... Bd5 $19 {White must now prevent ...Rxe1.} 25. Ne4 Ra4 )25. Rxa4 $4 {} (25. Rad1 $17 {was forced.} )bxa4 { Endgame KRB-KRN} 26. c4 a3 27. Ra1 $2 (27. Kg1 Bd7 28. Ra1 )Bf5 $19 28. Ne4 Bxe4 29. fxe4 Rxe4 $2 (29... d2 $19 30. Kf3 Rd8 )30. Rxa3 {KR-KR} Rd4 31. Ke1 f3 32. Ra2 $2 {} (32. Ra6+ $11 Kb7 33. Rf6 )Rxc4 {[#] ...Rc1+ is the strong threat.
} 33. Rf2 Rc1+ {Black mates.} 34. Kd2 Rc2+ 35. Ke3 Rxf2 {Accuracy: White = 37%,
Black = 87%.} 0-1

[Event "FIDE-Online-Steinitz-Memorial-Women"]
[White "Tan, Zhongyi"]
[Black "Paehtz, Elisabeth"]
[Site "Internet"]
[Round "10"]
[Annotator "TA"]
[Result "1/2-1/2"]
[Date "2020.05.16"]
[WhiteElo "2510"]
[BlackElo "2396"]
[PlyCount "90"]

1. d4 {} e6 2. g3 c5 3. Nf3 cxd4 4. Nxd4 Qa5+ {[#]} 5. Qd2 $146 ({Predecessor:} 5. Nc3 Nf6 6. Bg2 d5 7. 0-0 Be7 8. e4 dxe4 9. Nxe4 Nxe4 10. Bxe4 0-0 11. c3 Nd7 12. Re1 {
1/2-1/2 (57) Livaic,L (2505)-Bukal,V (2393) Zadar 2019} )Qxd2+ 6. Nxd2 {
A43: Schmid Benoni.} (6. Bxd2 {feels hotter.} a6 7. Bg2 Nf6 8. c4 Be7 9. 0-0 )d5 7. Bg2 Nf6 8. c4 {White is slightly better.} Bc5 9. Nb5 {Threatens to
win with Nc7+.} Na6 10. 0-0 Bd7 11. Nc3 $36 { White has
some pressure.} d4 (11... Bc6 $14 )12. Bxb7 {Strongly threatening Nce4.} dxc3 13. Nb3 Rb8 14. Bxa6 Bb4 15. c5 Ne4 {[#]} (15... e5 $16 )16. Bf4 $1 $18 {
} cxb2 {[#]} 17. Rab1 $1 {} Rd8 18. Rxb2 Bc6 (18... Bxc5 {keeps fighting.} 19. Bc7 Bb6 )19. Rc2 g5 20. Be3 h6 21. f3 Nf6 22. Bd4 Ke7 23. Be5 Rd5 (23... Nd7 {was called for.} )24. Bd6+ Kd7 25. e4 Rxd6 26. cxd6 Bxd6 27. Rd1 e5 28. Bc4 {Black must now prevent Rcd2.} Ke7 29. Kg2 Ba4 30. Rcd2 Bb4 31. Rc2 $2 (31. Re2 $18 )Rc8 $2 (31... Bd6 $1 $11 )32. Bd3 Rd8 33. Rc4 a5 (33... Bxb3 $142 34. axb3 a5 35. Rc7+ Kf8 )34. Rc7+ Kf8 35. Be2 Rxd1 36. Bxd1 Bb5 $2 (36... Ng8 37. Be2 Ne7 )37. Nc1 g4 38. Be2 Ba4 39. Bc4 gxf3+ 40. Kxf3 Bd1+ 41. Ke3 $2 (41. Be2 $18 Ba4 42. Nd3 )Ng4+ $11 { Double Attack. The position is equal.} 42. Kd3 Nf2+ 43. Ke3 Ng4+ {
 Double Attack} 44. Kd3 Nf2+ 45. Ke3 Ng4+ { Double Attack.
Accuracy: White = 61%, Black = 35%.} 1/2-1/2

[Event "FIDE-Online-Steinitz-Memorial-Women"]
[White "Stefanova, Antoaneta"]
[Black "Abdumalik, Zhansaya"]
[Site "Internet"]
[Round "10"]
[Annotator "TA"]
[Result "0-1"]
[Date "2020.05.16"]
[WhiteElo "2485"]
[BlackElo "2409"]
[PlyCount "56"]

1. d4 {} Nf6 2. g3 g6 3. Bg2 Bg7 4. c3 d5 5. Nf3 0-0 6. 0-0 b6 7. Bf4 {D02: 1 d4 d5 2 Nf3 sidelines, including 2...Nf6 3 g3 and 2...Nf6 3 Bf4.} Bb7 8. a4 { [#]} a6 $146 ({Predecessor:} 8... c5 9. Na3 Nc6 10. Ne5 Nh5 11. Nxc6 Bxc6 12. Be3 cxd4 13. cxd4 Qd7 14. Nb1 Nf6 {
1/2-1/2 (28) Zvjaginsev,V (2642)-Christiansen,J (2539) Skopje 2019} )9. a5 {
White has an edge.} b5 10. Nbd2 Nbd7 11. Ne5 c5 12. Nxd7 Qxd7 (12... Nxd7 $11 13. Nf3 Rc8 )13. Nb3 (13. dxc5 $14 Rac8 14. Nb3 )c4 $11 14. Nc5 Qc6 15. Be5 Bc8 16. Re1 Ra7 17. e4 (17. Qd2 {is interesting.} Bf5 18. Rad1 Rd8 19. h3 h5 20. Qe3 )Nxe4 18. Bxg7 Kxg7 19. Nxe4 dxe4 20. Bxe4 Qf6 21. b3 ({
Better is} 21. Bg2 $11 )cxb3 $15 22. Qxb3 Be6 23. d5 Bh3 {aiming for ...
Rc7.} 24. c4 bxc4 25. Qxc4 Rc8 $40 { Black attacks.} 26. Qb3 Rac7 27. Qb6 $2 { [#]} (27. Rad1 $11 )Qxa1 $1 {} 28. Qxc7 Qxe1# {Accuracy: White = 61%, Black = 78%.} ({Not} 28... Rxc7 29. Rxa1 Bd7 30. Bd3 $15 )0-1

[Event "FIDE-Online-Steinitz-Memorial-Women"]
[White "Sebag, Marie"]
[Black "Kosteniuk, Alexandra"]
[Site "Internet"]
[Round "10"]
[Annotator "TA"]
[Result "1/2-1/2"]
[Date "2020.05.16"]
[WhiteElo "2482"]
[BlackElo "2521"]
[PlyCount "106"]

1. e4 {} c6 2. d4 d5 3. exd5 cxd5 4. Bd3 Nc6 5. c3 Nf6 6. Nf3 g6 7. 0-0 {B13: Caro-Kann: Exchange Variation
and Panov-Botvinnik Attack.} Bf5 8. Re1 e6 9. Bf4 {White has an edge.} Bxd3 10. Qxd3 Bg7 11. Nbd2 0-0 12. h3 a6 13. Ne5 {[#]} Nd7 $146 ({Predecessor:} 13... Rc8 14. Qe3 Nxe5 15. Bxe5 Nd7 16. Bxg7 Kxg7 17. Nf3 Qf6 {1/2-1/2 (17) Hermann,
M-Sehner,N (2285) Germany 1985} )14. Ndf3 Re8 15. Re2 Rc8 16. Rae1 b5 17. a4 (17. Ng4 $14 )Ndxe5 18. Nxe5 (18. dxe5 {looks sharper.} b4 19. Qxa6 bxc3 20. bxc3 Na5 21. Ra2 )Nxe5 19. Bxe5 Qb6 20. Bxg7 Kxg7 21. axb5 axb5 22. h4 b4 23. h5 $1 bxc3 24. bxc3 Rc6 25. Qg3 Qc7 26. Qh4 {And now h6+ would win.} Qe7 ({But not} 26... Rxc3 $2 27. h6+ Kf8 28. Qf6 $1 $18 {} )27. Qh2 Rxc3 28. Qe5+ Kg8 29. h6 {} Qf8 30. Qf4 Rc6 31. Ra1 f6 32. Ra7 (32. Rea2 $11 )Re7 (32... g5 $17 33. Qe3 Qxh6 )33. Rea2 (33. Rxe7 $11 {remains equal.} Qxe7 34. g3 )g5 $36 { White is under
strong pressure.} 34. Qd2 Rcc7 (34... Rxa7 $19 35. Rxa7 Qxh6 )35. Ra8 {[#]} Re8 ({Black should play} 35... Rc8 $1 $17 {} 36. Rxc8 Qxc8 )36. Rxe8 $11 Qxe8 { Endgame KQR-KQR} 37. Qa5 $2 {} (37. g4 $11 )Qc8 $2 (37... Rc1+ 38. Kh2 Qh5+ { Double Attack} 39. Kg3 Qh4+ {
 Double Attack} 40. Kf3 Qe4+ 41. Kg3 Qf4+ 42. Kh3 Qh4# )38. g3 {[#]} (38. g4 $1 $11 {keeps the balance.} )Kf7 $1 $17 39. Qb6 Kg6 40. Ra6 $2 {
} (40. Kg2 $17 )Kxh6 $2 (40... Rc1+ {mates} 41. Kg2 Qc4 42. Qb2 Qf1+ 43. Kf3 Re1 44. Qb1+ Rxb1 45. Rxe6 Qd1+ { Double Attack} 46. Re2 f5 47. g4 f4 48. Kg2 Qh1# )41. Qxe6 $11 {The position is equal.} Qxe6 42. Rxe6 {KR-KR} Kg6 {White must now prevent ...Rc4.} 43. Rd6 Kf5 44. Rxd5+ Ke4 45. Rd6 f5 46. Kg2 f4 47. gxf4 gxf4 48. Re6+ Kxd4 49. Kf3 Rf7 50. Re4+ Kd5 51. Rxf4 Rg7 52. Rf5+ Ke6 53. Rh5 Rf7+ {Accuracy: White = 64%, Black = 68%.} 1/2-1/2

[Event "FIDE-Online-Steinitz-Memorial-Women"]
[White "Lei, Tingjie"]
[Black "Sebag, Marie"]
[Site "Internet"]
[Round "11"]
[Annotator "TA"]
[Result "1-0"]
[Date "2020.05.16"]
[WhiteElo "2530"]
[BlackElo "2482"]
[PlyCount "145"]

1. e4 {} c5 2. Nf3 d6 3. d4 cxd4 4. Nxd4 Nf6 5. Nc3 a6 6. h3 e5 7. Nde2 h5 {B90: Sicilian Najdorf: Unusual White 6th moves, 6 Be3 Ng4 and 6
Be3 e5.} 8. Nd5 Nxd5 9. Qxd5 Nc6 {The position is equal.} 10. Qd1 Be6 11. Nc3 Rc8 12. Be2 Nd4 13. Bd3 Be7 14. Nd5 {[#]} Nc6 $146 {} ({Predecessor:} 14... Bg5 15. 0-0 Bxc1 16. Rxc1 Qg5 17. Kh1 Rh6 18. f4 exf4 19. Nxf4 Nc6 20. Be2 h4 21. Nxe6 Rxe6 {1/2-1/2 (27) Chen,Q 
(2431)-Gabuzyan,H (2613) Chicago 2019} )15. c3 Bg5 16. Bxg5 Qxg5 17. Ne3 h4 18. Qf3 0-0 19. 0-0 Ne7 20. Rfd1 Ng6 21. Bc2 Nf4 22. Kh1 Rcd8 23. Bb3 g6 ({Black
should try} 23... Nh5 $14 )24. Rd2 $16 Bxb3 25. axb3 d5 26. Rad1 (26. exd5 $16 f5 27. Qd1 )dxe4 $11 27. Qxe4 Rxd2 28. Rxd2 b5 29. Rd6 Ne6 (29... Rd8 $11 30. Rxd8+ (30. Rxa6 Nd3 $11 )Qxd8 )30. Ng4 (30. Qc6 {looks sharper.} Qf4 31. Kg1 b4 32. Qb6 Kg7 33. Rd1 )Qf4 31. Qxe5 Qxe5 32. Nxe5 $16 { Endgame KRN-KRN} Re8 33. Nd3 Ng5 34. Rd5 Ne4 35. Kg1 Nd2 {[#]} 36. b4 $1 Kg7 {[#]} (36... Nc4 $16 )37. Rd4 ({Better is} 37. Ne5 $1 $18 )Nc4 (37... Re2 $14 )38. Rxh4 Re2 39. b3 (39. Kf1 $16 Rc2 40. Rd4 )Nd2 $1 $14 40. Rd4 Nxb3 41. Rd7 Rd2 42. Ne5 Rxd7 43. Nxd7 {KN-KN} f5 (43... Nd2 $142 )44. Nb8 Kf7 $2 { This costs Black the game.} (44... Nd2 $16 {was necessary.} )45. Nxa6 $18 Ke6 $2 (45... Nc1 46. Kf1 Na2 )46. Nc7+ { Double Attack} Kd6 47. Nxb5+ Kd5 48. Nd4 Nd2 49. f3 Nb1 50. Ne2 Kc4 51. Kf2 Na3 52. h4 Nb5 53. g4 fxg4 54. fxg4 Nd6 55. h5 gxh5 56. gxh5 Kd5 57. Ke3 (57. h6 $142 Ne4+ 58. Kg2 Ng5 59. Kg3 Ke6 60. b5 Kf7 61. Kf4 Ne6+ 62. Ke5 )Ke5 58. h6 Kf6 59. Kd4 {
White mates.} Nf5+ 60. Kd5 Nxh6 61. b5 Ke7 62. Nd4 Kd7 63. c4 Kc7 64. c5 Ng8 65. Ne6+ Kb7 66. Kd6 Nf6 67. c6+ Kb6 68. c7 Kb7 69. Nc5+ Kc8 70. b6 {
} Ne8+ 71. Kc6 {} Nxc7 72. b7+ Kb8 73. Nd7+ {Accuracy: White = 81%, Black = 52%.} 1-0

[Event "FIDE-Online-Steinitz-Memorial-Women"]
[White "Khademalsharieh, Sarasadat"]
[Black "Tan, Zhongyi"]
[Site "Internet"]
[Round "11"]
[Annotator "TA"]
[Result "0-1"]
[Date "2020.05.16"]
[WhiteElo "2431"]
[BlackElo "2510"]
[PlyCount "142"]

1. d4 {} Nf6 2. c4 e6 3. Nf3 d5 4. Nc3 dxc4 5. e4 Bb4 6. Bxc4 {D24: Queen's Gambit Accepted: 3 Nf3 Nf6 4 Nc3.} Nxe4 7. 0-0 Nxc3 8. bxc3 {The position is equal.} Be7 {8...Bd6 is the hot move. Played by
David Anton Guijarro in April 2020.} 9. Ne5 0-0 10. Qg4 Nc6 11. Bh6 {
} Bf6 12. Rae1 Kh8 (12... Ne7 $11 )13. Bc1 {[#]} ({White should try
} 13. Bf4 $14 )Bxe5 $146 ({Predecessor:} 13... Nxe5 14. dxe5 Be7 15. Rd1 Qe8 16. Rd3 f5 17. exf6 Bxf6 18. Rh3 e5 {0-1 (18) Dobrov,V (2478)-Nakamura,H 
(2745) chess.com INT 2019} )14. dxe5 f5 15. exf6 Qxf6 16. Qg3 e5 17. Bd5 Bf5 18. Bxc6 Qxc6 19. Rxe5 Bg6 20. Re7 Rf7 21. Re5 Qd6 22. h4 Qd3 23. Be3 h6 24. h5 Bf5 25. Bd4 Raf8 26. Re3 Qc4 27. Rfe1 c5 28. Be5 Qg4 29. Qh2 b6 30. f3 $36 {
 White fights for an advantage.} Qg5 $2 (30... Qc4 $11 )31. f4 $2 (31. Bd6 $1 $18 {} Rd8 32. Be7 Rxe7 33. Rxe7 )Qd8 $1 32. Qg3 Qd7 33. Qh4 Bh7 34. Rg3 Qf5 $2 ({Black should play} 34... Kg8 $11 )35. Kh2 ({
Only move:} 35. Rd1 $1 $16 )Rg8 $2 (35... Rd7 $11 {and Black is okay.} )36. Rd1 $1 $18 Rd7 $2 (36... Re8 {is a better chance.} 37. Rd6 b5 )37. Rxd7 Qxd7 {[#]} 38. Rg6 $1 {} Qf7 ({Avoid the trap} 38... Bxg6 $2 39. hxg6 Ra8 40. Qxh6+ Kg8 41. Qh7+ Kf8 42. Qh8+ Ke7 43. Qxg7+ Ke6 44. f5+ $1 {} Kxf5 45. Qxd7+ )(38... Qf5 $142 )39. Rxh6 Re8 40. Qg5 Kg8 41. Rg6 Bxg6 42. hxg6 { Endgame KQR-KQB} Qd5 43. Qh5 {Intending Qh7+ and mate.} Rxe5 44. Qh7+ $2 ({And not} 44. Qxe5 Qxe5 45. fxe5 b5 $15 )(44. fxe5 $18 Kf8 45. Qh8+ Qg8 46. Qxg8+ Kxg8 47. a4 )Kf8 $11 {...Rh5+ is the strong
threat.} 45. Qh8+ Qg8 $1 {} 46. Qxg8+ Kxg8 47. fxe5 {Threatens to
win with a4. KP-KP} Kf8 $2 {} (47... b5 $11 48. Kg3 Kf8 )48. Kg3 $2 ({White has to play} 48. a4 $1 $18 Ke7 49. Kg3 )Ke7 $2 {} (48... b5 $11 )49. Kf4 $2 (49. c4 $18 Ke6 50. Kf4 )Ke6 $2 {} (49... b5 $11 )50. Ke4 $4 {} (50. a4 $18 Ke7 51. Ke4 )b5 $1 $19 51. g4 a5 52. g5 b4 53. cxb4 cxb4 54. Kd4 a4 55. Kc4 b3 $1 56. axb3 axb3 ({
Wrong is} 56... a3 $2 57. Kc3 $18 )57. Kxb3 Kxe5 {KPP-KP} 58. Kc4 {[#]} Kf5 $1 {} 59. Kd4 Kxg6 60. Ke3 Kxg5 {KP-K} 61. Kf3 Kf5 $2 (61... Kh4 $1 62. Kf4 g5+ 63. Kf3 Kh3 64. Kf2 g4 65. Kg1 Kg3 66. Kf1 Kh2 67. Ke1 g3 68. Ke2 g2 69. Kd3 g1=Q 70. Kc4 Kg3 71. Kb4 Qb6+ 72. Kc4 Qc6+ 73. Kb3 Kf3 74. Kb2 Ke4 75. Kb3 Kd3 76. Kb4 Qb6+ 77. Ka4 Kc4 78. Ka3 Qb3# )62. Kg3 $11 Kg5 $2 {} (62... g5 $11 )63. Kf3 $1 {[#]} Kh4 $1 64. Kg2 Kg4 65. Kh2 Kf3 66. Kh3 g5 67. Kh2 {[#]} g4 $1 68. Kg1 Kg3 69. Kh1 Kh3 $2 (69... Kf2 {mates} 70. Kh2 g3+ 71. Kh3 Kf3 72. Kh4 g2 73. Kg5 g1=Q+ 74. Kf5 Qe1 75. Kg6 Kf4 76. Kg7 Qe7+ 77. Kg8 Kf5 78. Kh8 Kg6 79. Kg8 Qg7# )70. Kg1 Kg3 $2 {} (70... g3 $11 71. Kh1 Kh4 )71. Kh1 Kf2 {Accuracy: White = 70%, Black = 56%.} 0-1

[Event "FIDE-Online-Steinitz-Memorial-Women"]
[White "Abdumalik, Zhansaya"]
[Black "Kosteniuk, Alexandra"]
[Site "Internet"]
[Round "11"]
[Annotator "ChessBase"]
[Result "1-0"]
[Date "2020.05.16"]
[WhiteElo "2409"]
[BlackElo "2521"]
[PlyCount "83"]
[TimeControl "180+2"]

1. e4 c6 2. d4 {[%emt 0:0:4]} d5 {[%emt 0:0:4]} 3. Nd2 {[%emt 0:0:0]} dxe4 {[%emt 0:0:1]} 4. Nxe4 {[%emt 0:0:1]} Nf6 {[%emt 0:0:1]} 5. Nxf6+ {[%emt 0:0:5]
} exf6 {[%emt 0:0:1]} 6. c3 {[%emt 0:0:0]} Bd6 {[%emt 0:0:0]} 7. Bd3 {[%emt 0:0:2]} 0-0 {[%emt 0:0:2]} 8. Ne2 {[%emt 0:0:0]} Re8 {[%emt 0:0:4]
} 9. Qc2 {[%emt 0:0:1]} h5 {[%emt 0:0:2]} 10. 0-0 {[%emt 0:0:0]} h4 {[%emt 0:0:4]} 11. h3 {[%emt 0:0:1]} Nd7 {[%emt 0:0:1]} 12. Be3 {[%emt 0:0:2]} Nf8 {[%emt 0:0:1]} 13. c4 {[%emt 0:0:1]} Be6 {[%emt 0:0:0]} 14. Rad1 {[%emt 0:0:6]} Rc8 {[%emt 0:0:1]} 15. Nc3 {[%emt 0:0:7]} Bb8 {[%emt 0:0:4]} 16. Rfe1 {[%emt 0:0:6]} Qc7 {[%emt 0:0:17]} 17. f4 {[%emt 0:0:4]
} Ng6 {[%emt 0:0:45]} 18. d5 {[%emt 0:0:33]} cxd5 {[%emt 0:0:0]} 19. cxd5 {[%emt 0:0:1]} Bxd5 {[%emt 0:0:14]} 20. Bxg6 {[%emt 0:0:3]} Bc6 {[%emt 0:0:36]} 21. Bh7+ {[%emt 0:0:32]} Kh8 {[%emt 0:0:2]} 22. Bc1 {[%emt 0:0:2]
} g6 {[%emt 0:0:4]} 23. Bxg6 {[%emt 0:0:21]} fxg6 {[%emt 0:0:0]} 24. Qxg6 {[%emt 0:0:5]} Qg7 {[%emt 0:0:1]} 25. Rxe8+ {[%emt 0:0:13]} Rxe8 {[%emt 0:0:4]} 26. Qxg7+ {[%emt 0:0:6]} Kxg7 {[%emt 0:0:1]} 27. Kf2 {[%emt 0:0:1]} Kf7 {[%emt 0:0:4]} 28. Rd3 {[%emt 0:0:10]} Rg8 {[%emt 0:0:0]} 29. g3 {[%emt 0:0:2]} hxg3+ {[%emt 0:0:2]} 30. Rxg3 {[%emt 0:0:1]} Rh8 {[%emt 0:0:1]} 31. Be3 {[%emt 0:0:2]} Rh4 {[%emt 0:0:1]} 32. Ne2 {[%emt 0:0:3]
} Bd5 {[%emt 0:0:2]} 33. b3 {[%emt 0:0:2]} Be6 {[%emt 0:0:0]} 34. Kg2 {[%emt 0:0:5]} Bd5+ {[%emt 0:0:1]} 35. Kf2 {[%emt 0:0:3]} Be6 {[%emt 0:0:1]} 36. Kg2 {[%emt 0:0:14]} Bd5+ {[%emt 0:0:2]} 37. Kh2 {[%emt 0:0:1]
} Be6 {[%emt 0:0:6]} 38. Nd4 {[%emt 0:0:20]} Bxf4 {[%emt 0:0:0]} 39. Bxf4 {[%emt 0:0:1]} Rxf4 {[%emt 0:0:0]} 40. Rg7+ {[%emt 0:0:1]} Ke8 {[%emt 0:0:6]} 41. Nxe6 {[%emt 0:0:1]} Rf2+ {[%emt 0:0:1]} 42. Rg2 {[%emt 0:0:1]
} 1-0

[Event "FIDE-Online-Steinitz-Memorial-Women"]
[White "Paehtz, Elisabeth"]
[Black "Lagno, Kateryna"]
[Site "Internet"]
[Round "11"]
[Annotator "TA"]
[Result "0-1"]
[Date "2020.05.16"]
[WhiteElo "2396"]
[BlackElo "2608"]
[PlyCount "86"]

1. d4 {
} Nf6 2. Nf3 g6 3. Bg5 Bg7 4. Nbd2 h6 5. Bh4 0-0 6. c3 d6 7. e4 c5 8. dxc5 dxc5 9. Bc4 Nc6 10. Qe2 {A48: 1 d4 Nf6 2 Nf3 g6: Torre, London and Colle
Systems.} Nh5 11. Qe3 Qc7 $5 { [#] An interesting side line.} 12. Bg3 $146 {White is slightly better.} ({Predecessor:} 12. Qxc5 Nf4 13. 0-0 b6 14. Qe3 Na5 15. Bd5 Rb8 16. Bg3 g5 17. h4 Bf6 18. hxg5 hxg5 {1-0 (41) Zhang,Z 
(2441)-Bancod,R (2375) Manila 2008} )Nxg3 13. hxg3 h5 14. Qg5 {And now
Qxg6 would win.} Qd6 15. 0-0-0 $36 { White has the initiative.} Qf6 16. Qe3 (16. Qxc5 $16 Bh6 17. Kb1 )Be6 (16... Bg4 $11 {keeps the balance.
} )17. Bd5 ({White should play} 17. e5 $1 $16 {} Nxe5 18. Ne4 )Rad8 $2 (17... Bg4 $14 )18. Nc4 $2 ({And not} 18. Qxc5 Bh6 $14 )(18. e5 $1 $18 {} Nxe5 19. Ne4 { Double Attack} Bxd5 20. Nxf6+ exf6 21. Nxe5 (21. Qxc5 b6 $18 )fxe5 22. Qxc5 Bxg2 23. Rxd8 (23. Qxa7 Ra8 $16 )Rxd8 24. Rg1 )Bxd5 19. exd5 b5 (19... Nb8 $11 )20. dxc6 $18 bxc4 21. Qxc5 {c7 is the strong threat.} Rc8 (21... Rb8 $16 {was necessary.} )22. Rhe1 $2 ({Inferior is} 22. Qxc4 Rxc6 23. Qb3 Rb6 $15 )({Worse is} 22. Qxa7 Qxc6 23. Qxe7 Rb8 $15 )(22. c7 $18 )Rxc6 $14 23. Qxe7 Qf5 24. Qe4 Qb5 {
[#]} (24... Qc8 $14 )25. Nd4 $1 $16 {} Bxd4 26. Qxd4 Rb8 {} 27. Rd2 Ra6 28. Re5 Qa4 (28... Qc6 $16 )29. Rde2 $18 Rab6 30. a3 $2 ({Better is} 30. R5e4 $18 )Rxb2 $1 $15 { aiming for ...
Rb1+. Remove Defender} 31. Rxb2 Qxa3 32. Ree2 $2 {} (32. Kd2 $17 Qxb2+ 33. Ke3 )Qa1+ 33. Kd2 Rxb2+ $2 (33... Qxb2+ 34. Ke1 Qa1+ 35. Qd1 {
[#]} Rb1 $1 {} 36. Qxb1 Qxb1+ 37. Kd2 Qd3+ 38. Ke1 Qxc3+ 39. Rd2 Kg7 )34. Ke3 $19 Rxe2+ 35. Kxe2 { Endgame KQ-KQ} Qa2+ 36. Kf3 Qa6 (36... Qc2 $142 {White must now prevent ...a5.} 37. g4 hxg4+ 38. Kxg4 a5 39. Qd8+ Kh7 40. Qxa5 Qxf2 )37. Qd8+ $17 Kg7 38. Qd7 $2 {} (38. Qd4+ $15 Kg8 39. Qd8+ Kh7 40. Qe7 )Qf6+ $19 39. Ke4 Qxc3 40. Qxa7 Qd3+ {Black mates.} 41. Kf4 c3 {} 42. Qc5 c2 43. Qe5+ Kh7 {Accuracy: White
= 47%, Black = 53%.} 0-1

[Event "FIDE-Online-Steinitz-Memorial-Women"]
[White "Cori T., Deysi"]
[Black "Stefanova, Antoaneta"]
[Site "Internet"]
[Round "11"]
[Annotator "ChessBase"]
[Result "0-1"]
[Date "2020.05.16"]
[WhiteElo "2391"]
[BlackElo "2485"]
[PlyCount "100"]
[TimeControl "180+2"]

1. d4 d5 2. c4 {[%emt 0:0:5]} c6 {[%emt 0:0:7]} 3. e3 {[%emt 0:0:1]} Nf6 {[%emt 0:0:5]} 4. Nc3 {[%emt 0:0:1]} g6 {[%emt 0:0:2]} 5. Nf3 {[%emt 0:0:0]} Bg7 {[%emt 0:0:1]} 6. b3 {[%emt 0:0:1]} 0-0 {[%emt 0:0:3]} 7. Bb2 {[%emt 0:0:1]} b6 {[%emt 0:0:2]} 8. Bd3 {[%emt 0:0:2]} Bb7 {[%emt 0:0:0]} 9. 0-0 {[%emt 0:0:1]} Nbd7 {[%emt 0:0:6]} 10. Rc1 {[%emt 0:0:2]} e6 {[%emt 0:0:4]} 11. Qe2 {[%emt 0:0:2]} c5 {[%emt 0:0:4]} 12. cxd5 {[%emt 0:0:3]
} exd5 {[%emt 0:0:16]} 13. Rfd1 {[%emt 0:0:3]} Qe7 {[%emt 0:0:0]} 14. Bb5 {[%emt 0:0:10]} Rfd8 {[%emt 0:0:18]} 15. Na4 {[%emt 0:0:20]} Rac8 {[%emt 0:0:18]} 16. h3 {[%emt 0:0:12]} cxd4 {[%emt 0:0:8]} 17. Nxd4 {[%emt 0:0:5]
} Nc5 {[%emt 0:0:4]} 18. Nf3 {[%emt 0:0:31]} h6 {[%emt 0:0:0]} 19. Nxc5 {[%emt 0:0:10]} bxc5 {[%emt 0:0:1]} 20. Ba6 {[%emt 0:0:5]} Ne4 {[%emt 0:0:12]} 21. Bxb7 {[%emt 0:0:3]} Qxb7 {[%emt 0:0:2]} 22. Bxg7 {[%emt 0:0:5]
} Kxg7 {[%emt 0:0:0]} 23. Qb2+ {[%emt 0:0:2]} Kh7 {[%emt 0:0:0]} 24. Qe5 {[%emt 0:0:2]} Rc7 {[%emt 0:0:10]} 25. h4 {[%emt 0:0:3]} Re7 {[%emt 0:0:3]} 26. Qf4 {[%emt 0:0:2]} Kg7 {[%emt 0:0:15]} 27. Nh2 {[%emt 0:0:31]
} Qb6 {[%emt 0:0:19]} 28. Ng4 {[%emt 0:0:7]} h5 {[%emt 0:0:0]} 29. Nh2 {[%emt 0:0:6]} a5 {[%emt 0:0:3]} 30. Nf3 {[%emt 0:0:4]} a4 {[%emt 0:0:2]
} 31. bxa4 {[%emt 0:0:2]} c4 {[%emt 0:0:1]} 32. Nd4 {[%emt 0:0:0]} Ra8 {[%emt 0:0:3]} 33. f3 {[%emt 0:0:3]} Nf6 {[%emt 0:0:2]} 34. Qg5 {[%emt 0:0:1]} Kh7 {[%emt 0:0:1]} 35. Rb1 {[%emt 0:0:3]} Qd6 {[%emt 0:0:2]
} 36. Kh1 {[%emt 0:0:14]} Rxa4 {[%emt 0:0:2]} 37. e4 {[%emt 0:0:0]} Qe5 {[%emt 0:0:3]} 38. Nc6 {[%emt 0:0:5]} Qxg5 {[%emt 0:0:2]} 39. hxg5 {[%emt 0:0:1]} Rc7 {[%emt 0:0:4]} 40. exd5 {[%emt 0:0:6]} Nxd5 {[%emt 0:0:3]
} 41. Ne5 {[%emt 0:0:4]} Nc3 {[%emt 0:0:2]} 42. Rd8 {[%emt 0:0:0]} Nxb1 {[%emt 0:0:2]} 43. Nd7 {[%emt 0:0:2]} Rxd7 {[%emt 0:0:1]} 44. Rxd7 {[%emt 0:0:1]} c3 {[%emt 0:0:2]} 45. Rxf7+ {[%emt 0:0:1]} Kg8 {[%emt 0:0:1]
} 46. Rc7 {[%emt 0:0:1]} Rxa2 {[%emt 0:0:2]} 47. Kh2 {[%emt 0:0:1]
} c2 {[%emt 0:0:2]} 48. f4 {[%emt 0:0:2]} Nd2 {[%emt 0:0:2]
} 49. f5 {[%emt 0:0:2]} gxf5 {[%emt 0:0:1]} 50. g6 {[%emt 0:0:1]} Nb3 {[%emt 0:0:2]
} 0-1